|
|
|
|
| LEADER |
01176nam a22003017a 4500 |
| 001 |
37821 |
| 003 |
BD-DhAAL |
| 008 |
220302t2004 ii ||||| b||| 00| 0 eng d |
| 999 |
|
|
|c 43633
|d 43633
|
| 020 |
|
|
|a 8126903961
|
| 020 |
|
|
|a 9788126903962
|
| 040 |
|
|
|a BD-DhAAL
|
| 082 |
|
|
|a 375.37140954
|
| 100 |
|
|
|a Sharma, Ram Nath
|9 46304
|
| 245 |
|
|
|a Guidance and counselling in India /
|c Ram Nath Sharma ; Rachana Sharma.
|
| 260 |
|
|
|a New Delhi :
|b Atlantic Publishers & Distributors,
|c c2004.
|
| 300 |
|
|
|a xi, 483 pages ;
|c 22 cm.
|
| 504 |
|
|
|a Includes bibliographical references (pages [478]-483).
|
| 526 |
|
|
|a BIED
|
| 541 |
|
|
|a Complimentary copy from BIED
|e 37821
|
| 650 |
|
|
|a Educational counseling
|z India.
|9 46305
|
| 650 |
|
|
|a Vocational guidance
|z India.
|9 46306
|
| 650 |
|
|
|a Educational counseling.
|9 46307
|
| 650 |
|
|
|a Education.
|9 46308
|
| 700 |
|
|
|a Sharma, Rachana
|9 46309
|
| 852 |
|
|
|a Ayesha Abed Library
|c BIED Collection
|
| 942 |
|
|
|2 ddc
|c BK
|
| 952 |
|
|
|0 0
|1 0
|2 ddc
|4 0
|6 375_371409540000000_SHA
|7 0
|9 69955
|a BRACUL
|b BRACUL
|c GEN
|d 2022-03-02
|e Complimentary copy from BIED
|l 0
|o 375.37140954 SHA
|p 3010037821
|r 2022-03-02
|t 1
|w 2022-03-02
|y BK
|x Transferred from BIED to General Stacks
|